00729nam a2200241 a 4500001001300000003000900013005001700022008004100039020001000080082002100090100001800111245008000129260003900209300000900248500003500257505001000292650001600302700001800318902000800336942000700344952012100351999001500472nice12345678IN_TiNIC20260116011619.0050524s1946 boma grp 000 0 eng  ac10000a306.0899145bAMB aAmbedkar, B R aWho Were the Shudras? How They Came to Be the Fourth Varna in the Indo-Arya aBombaybThacker and Co., Ltdc1946 a259p aincludes index and biblioraphy2 aIndex aCaste-India1 aAmbedkar, B R bSRS cBK 001040708StackRoom-aHMIbHMId2007-08-01g100.00l0o306.0899145 AMBp03964r2007-08-01v100.00w2005-05-24yBK c2903d2903